Представление документа в формате RUSMARC

ПолеНазваниеЗначение
  Тип записи c
  Библиографический уровень m
001 Контрольный номер RU/SLIB/B/208750019
005 Дата корректировки 20201206204127.4
010 Индекс ISBN __
d Цена 11000-00
101 Язык документа __
a Язык текста rus
c Язык оригинала rus
200 Заглавие и сведения об ответственности 0_
a Заглавие Самоучитель игры на аккордеоне
f Первые сведения об ответственности Лушников В. В.
b Общее обозначение материала Ноты
205 Сведения об издании __
a Основные сведения об издании 3-е изд., стер.
210 Выходные данные __
a Место издания М.
c Издательство Музыка
d Дата издания 1994
215 Физическое описание __
a Объем 158 с.
c Иллюстрации/тип воспроизводства ноты
606 Тематические рубрики __
a Основная рубрика Музыка и зрелищные искусства
606 Тематические рубрики __
a Основная рубрика Инструментальная музыка
610 Ключевые слова __
a Ключевые слова нотные издания; аккордеоны; обучение музыке; ноты; музыкальные произведения; инструментальные произведения
686 Индексы других классификаций __
a Классификационный индекс 85.954.8
700 Автор _1
a Фамилия Лушников
b Имя В. В.
4 Код отношения 070
801 Источник записи _0
a Страна RU
b Организация Муниципальное бюджетное учреждение культуры "Централизованная библиотечная система" г. Сургут (Центральная городская библиотека им. А. С. Пушкина)
g Правила каталогизации КиК/Уланова
801 Источник записи _1
a Страна RU
b Организация Муниципальное бюджетное учреждение культуры "Централизованная библиотечная система" г. Сургут (Центральная городская библиотека им. А. С. Пушкина)
g Правила каталогизации КиК/Уланова
852 Данные о местонахождении __
j Шифр хранения 85.954.8
c Каталожный индекс 85.954.8
i Авторский знак Л 87
p Инвентарный номер 52920
901 Тип документа __
t Тип документа m
969 Тип издания __
a Тип издания самоучитель
990 Данные о заказе (DOS) __
j Количество экземпляров (DOS) 1